000 00618nam a2200205Ii 4500
003 JO-AjNU
008 230605s9999||||xx |||||||||||||| ||und||
017 _a1980/2948
040 _aJO-AjNU
_bara
_erda
_cJO-AjNU
041 _aara
050 1 4 _aQB592 1980
100 3 _aاسماعيل ، سعيد السيد علي,
_eauthor
_919426
245 0 0 _aاسرار القمر
264 3 1 _aالقاهرة:مؤسسة سجل العرب، 1980
300 _a291ص
336 _atext
_btxt
_2rdacontent
337 _aunmediated
_bn
_2rdamedia
338 _avolume
_bnc
_2rdacarrier
650 4 _aاسرار القمر
_919427
999 _aA6409
_c9977
_d9977